Driving Miss Jersey: Assorted Interstate Spurs Quiz Stats

 Plays Quiz not verified by Sporcle

Challenge
Share
Tweet
Embed
Score 0/19 Timer 07:00
0 Plays Today
Route Municipality % Correct
Interstate 280Newark
94.8%
Interstate 278Elizabeth
92.2%
Interstate 280Kearny
87.1%
Interstate 280Parsippany-Troy Hills Twp.
86.2%
Interstate 280West Orange Twp.
86.2%
Interstate 280East Orange
86.2%
Interstate 195Jackson Twp.
85.3%
Interstate 280Orange Twp.
82.8%
Interstate 280Harrison
81.9%
Interstate 278Linden
81%
Route Municipality % Correct
Interstate 195Hamilton Twp.
77.6%
Interstate 280Livingston Twp.
74.1%
Interstate 195Robbinsville Twp.
74.1%
Interstate 195Howell Twp.
74.1%
Interstate 195Wall Twp.
74.1%
Interstate 195Upper Freehold Twp.
72.4%
Interstate 280East Hanover Twp.
69.8%
Interstate 280Roseland
69%
Interstate 195Millstone Twp.
66.4%

You're not logged in!

Compare scores with friends on all Sporcle quizzes.
Join for Free
OR
Log In

You Might Also Like...

Show Comments

Extras

Top Quizzes Today


Score Distribution

Your Account Isn't Verified!

In order to create a playlist on Sporcle, you need to verify the email address you used during registration. Go to your Sporcle Settings to finish the process.

Report this User

Report this user for behavior that violates our Community Guidelines.

Details: